The poetry of Edwin Muir ; the field of good and ill.

Bibliographic Details
Main Author: Huberman, Elizabeth
Format: Book
Language:English
Published: New York : Oxford University Press, 1971.
Subjects:

MARC

Tag First Indicator Second Indicator Subfields
LEADER 00000cam a2200000 4500
001 in00000143821
005 20151005060111.0
008 710611s1971 nyu b 00100 eng
010 |a  76146950  
020 |a 0195013743  |c $7.95 
035 |a (OCoLC)00144903 
035 |9 AAR3563AM 
040 |a DLC  |c DLC  |d TXA  |d UtOrBLW 
049 |a TXAM  |c [1122651] 
050 0 0 |a PR6025.U6  |b Z67 
082 0 |a 821/.9/12 
100 1 |a Huberman, Elizabeth. 
245 1 4 |a The poetry of Edwin Muir ;  |b the field of good and ill. 
264 1 |a New York :  |b Oxford University Press,  |c 1971. 
300 |a ix, 251 pages ;  |c 21 cm. 
336 |a text  |b txt  |2 rdacontent 
337 |a unmediated  |b n  |2 rdamedia 
338 |a volume  |b nc  |2 rdacarrier 
504 |a Bibliography: pages 239-245. 
600 1 0 |a Muir, Edwin,  |d 1887-1959. 
999 |a MARS 
999 f f |s 701aa6b9-e6f6-335e-bb7e-db405ecc9c1a  |i 26ec0845-0abe-3ca3-b5b3-aadeffef64da  |t 0 
952 f f |p normal  |a Texas A&M University  |b College Station  |c Sterling C. Evans Library  |d Evans: Library Stacks  |t 0  |e PR6025.U6 Z67  |h Library of Congress classification  |i unmediated -- volume  |m A14804006623 
998 f f |a PR6025.U6 Z67  |t 0  |l Evans: Library Stacks